000 01608cam a22002054a 4500
005 20250605164208.0
008 250528s ||||||||||||||||||||||||d
035 _a20144
020 _a852642172
040 _aGR-AtMCL
_bgre
_dGR-AtMCL
_eAACR2
245 1 _aPractical Exercises in Probability and Statistics / For First-Year Honours Degree Students: Suitable also for Sixth Forms and Colleges of Education
260 _c1972
300 _a338
520 _aThis book is suitable for technical colleges and colleges of education. It includes 200 exercises with answers and hints on solutions, illustrating practical applications of probability and statistical theory and the use of computational methods. Preface, Introduction, Life Skills Theory, Life Skills Model of Practice, Counsellors as Persons, Develop the Relationship and Clarify Problems, Listening Skills, Showing Understanding Skills, Clarifying Problems Skills, Assess and Restate Problems in Skills Terms, Assess Feelings and Physical Reactions, Assess Thinking and Actions, Restate Problems in Skills Terms, Stage Goals and Plan Interventions, State Deficits as Goals, Plan Interventions, Intervene to Develop Life Skills, Delivering Interventions Skills, Interventions for Thinking, Interventions for Actions, Interventions for Feelings, Emphasize Take-Away and End, Emphasize Take-Away of Life Skills, End and Evaluate, Looking Ahead, Develop Your Counselling Skills, Bibliography, Name and Subject Index.
700 1 _aGriffin London
_96196
700 1 _aRahman N. A
_96197
942 _cBK
999 _c5283
_d5283